00530nam a2200157 a 450000500170000000800410001702000220005805000220008010000180010224500550012026000380017530000090021365000120022299900190023495201190025320140412111223.0091207s19uu xx 00 eng d a978-1-84696-931-7 aM 595.7bP54 2006 aPhillips, Dee aMy First book of bugs and spiders /cDee Phillips. aPhilippines :bWS Pacific,c2008. a96p. aInsects c101967d101967 001040aELbELcMd2009-12-07eLib. Fundg150.00l0oM 595.7 P54 2006pE0199r2014-04-12 00:00:00w2014-04-12yBK